000 00751nam a2200181Ia 4500
008 151018s9999 xx 000 0 und d
082 _bRBASDV33891
_a891.434
100 _aहरिश्चंद्र व्यास
245 _aबढती जनसंख्या बिगडता पर्यावरण
250 _b1
260 _bअरुण प्रकाशन
_c2001
300 _a126
600 _aहरिश्चंद्र व्यास
630 _aबढती जनसंख्या बिगडता पर्यावरण
700 _aहरिश्चंद्र व्यास
730 _aबढती जनसंख्या बिगडता पर्यावरण
942 _cBOOK
999 _c1033393
_d1033390